000 00465nam a2200193Ia 4500
005 20240823013410.0
008 240823s9999||||xx |||||||||||||| ||und||
041 _aENGLISH
082 _A621.3815 N1
100 _aShail Jain
245 0 _aLinear Integrated Circuits
250 _a1st
260 _c1991
_b"Wiley,New Delhi"
500 _aYES
650 _aIntegrated Circuit
_bInstrumentation
700 _a Roy Chowdhury D
942 _cBK
999 _c167126
_d167126